| 000 | 00590nam a2200229 a 4500 | ||
|---|---|---|---|
| 003 | AR-BaBNM | ||
| 005 | 20251128203322.0 | ||
| 008 | 082120s2002 ||||||||||||||000 | spa|| | ||
| 040 | _cAR-BaBNM | ||
| 100 | 1 | _aChávez, Fermín | |
| 245 | 0 | 0 | _aHistoria del país de los argentinos |
| 250 | _a2ª ed. | ||
| 260 |
_aBuenos Aires _bPeña Lillo _c1972 |
||
| 300 | _a398 p. | ||
| 650 | 4 | _aPERIODO HISPANICO | |
| 650 | 4 | _aPERIODO INDEPENDIENTE | |
| 650 | 4 | _aVUELTA DE OBLIGADO | |
| 650 | 4 | _aORGANIZACION NACIONAL | |
| 650 | 4 | _aPRESIDENCIAS ARGENTINAS | |
| 942 | _cBK | ||
| 998 | _cmariana | ||
| 999 |
_c2880 _d2880 |
||